000 00327nam a2200133Ia 4500
008 190216s9999||||xx |||||||||||||| ||und||
100 _aGerald M Meier
245 0 _aLeading Issues In Economic Development
250 _a4th Ed.
260 _bOxford University Press
_c1964
300 _a768
650 _aEconomics
942 _cBK
999 _c9775
_d9775